| 000 | 01139cad a22002175a 4500 | ||
|---|---|---|---|
| 001 | L154511 | ||
| 008 | 111217e20110304xxkd f s f000 0 eng d | ||
| 035 | _a(Sirsi) u154511 | ||
| 041 | 0 | _aeng | |
| 110 | 1 |
_aUnited Kingdom _bOffice of National Statistics _92035 |
|
| 245 | 0 | 0 |
_aNew orders in the construction industry _bthird quarter 2011 _h[electronic resource] |
| 260 |
_a[S.l.] _bONS _c2011 |
||
| 490 |
_aONS Statistical Bulletin _v2 December 2011 |
||
| 520 | _aThe total volume (in £m) of all new construction orders in the third quarter of 2011 rose by 12.8 per cent compared with the second quarter of 2011; the total volume of new construction orders fell by 5.5 per cent compared with the same period in 2010; the largest contribution to growth in the third quarter came from private commercial which increased by 21.4% compared with the second quarter. | ||
| 590 | _aKA | ||
| 650 | 2 | 4 | _aONS NEW CONSTRUCTION ORDERS |
| 651 | 4 |
_aGreat Britain _y1707- |
|
| 690 | _aBUILT ENVIRONMENT-CONSTRUCTION MARKET | ||
| 856 | 4 | 0 |
_uhttps://www.ons.gov.uk/ons/dcp171778_245585.pdf _zView the item free of charge at www.ons.gov.uk |
| 942 | _n0 | ||
| 999 |
_c113021 _d113021 |
||